[Event "17th Caspian Cup-Masters 2019"]
[Site "Anzali"]
[Date "2019.02.15"]
[Round "5.5"]
[White "Sadeh, Shahin"]
[Black "Mirzoev, Azer"]
[Result "1-0"]
[WhiteElo "2242"]
[BlackElo "2483"]
[Annotator "TA"]
[PlyCount "104"]
[EventDate "2019.02.12"]
[EventType "swiss"]
[EventRounds "9"]
[EventCountry "IRI"]
[SourceTitle "playchess.com"]
[Source "ChessBase"]
[SourceQuality "1"]

{[%evp 16,104,0,0,0,0,0,-11,58,-56,-18,-39,-6,-40,-18,-10,-9,-32,-16,0,0,0,-9,-15,-12,-5,-9,0,0,-33,9,0,0,-10,0,-11,-11,-8,-15,-8,-11,-41,-4,-29,-28,-23,-17,-79,-71,-123,-118,-155,-139,-154,-147,-144,-131,-145,-79,-80,-27,-150,0,0,0,-294,-281,-319,-275,-287,-235,-320,-218,-531,-522,-583,-560,-989,-816,-984,-931,-1039,-988,-1262,-1204,-1585,-1162,-1303,-1268,-1071,-550]} 1. g3 d5 2. Bg2 Nf6 3. d3 c6 4. Nd2 e5 5. e4 Bd6 6. Ngf3 O-O 7. O-O Bg4 8. h3 Bh5 9. Re1 Nbd7 {B10: Caro-Kann: 2 d3 and 2 c4} 10. g4 (10. Qe2 Re8 11. Qf1 a5 12. Nh4 a4 13. a3 Qb6 14. Ndf3 Bg6 15. Nxg6 hxg6 16. Qe2 Nc5 17. Ng5 dxe4 18. dxe4 {1-0 (48) Andriasian,Z (2585)-Pantsulaia,L (2605) chess.com INT 2018}) 10... Bg6 11. Nh4 Re8 (11... Nc5 $11) 12. Nf5 (12. g5 $14) 12... Bf8 13. Qf3 Qc7 14. Nf1 dxe4 15. dxe4 Nc5 {[%cal Bd7c5,Bc5e6,Be6f4][%mdl 32]} 16. N1g3 Nfd7 17. h4 $146 ({Predecessor:} 17. Be3) 17... f6 18. h5 Bf7 $1 19. g5 fxg5 20. Bxg5 Ne6 21. Bh4 Nf4 22. Rad1 {aiming for Nh6+!} Be6 (22... Bxa2 $6 23. b3 $16) 23. Qg4 Kh8 24. Ne2 Nxg2 25. Kxg2 a5 26. Rg1 Nc5 27. Kh2 Qf7 28. f3 b6 29. Rg2 Ra7 {[%cal Ba8a7,Ba7d7,Bd7d4][%mdl 32]} 30. Ng1 $1 Rd7 31. Re1 (31. Rxd7 $11 Nxd7 32. Nh3) 31... Bxf5 $17 32. exf5 (32. Qxf5 $142 Qxf5 33. exf5) 32... Rd4 $36 {[%mdl 2048] Keeping White busy.} ({Reject} 32... Qxa2 $6 33. h6 $1 $11 {[%mdl 512]}) 33. Re4 Nxe4 34. fxe4 Rd6 ({Worse is} 34... Qxa2 35. Nf3 $11) 35. Bg5 h6 36. Be3 b5 (36... Qxa2 $142 37. Bxb6 Qxb2 38. Bxa5 Ra8) 37. Nf3 Qxa2 (37... Kg8 $17) 38. b3 (38. Bc5 $11 Qf7 39. Bxd6 Bxd6 40. Qg6 Qxg6 41. Rxg6) 38... Qb1 (38... Qa3 $17 39. Nh4 Rf6) 39. Bc5 $11 Rd1 {[#]} 40. Kh3 $2 {[%mdl 8192]} (40. f6 $1 $11 {[%mdl 512] and White stays safe.} Rh1+ (40... gxf6 41. Qg8#) 41. Kg3 gxf6 42. Qg6) 40... Rh1+ $19 41. Nh2 {[#] Threatening mate with f6!} Qd1 $1 {[%cal Rd1g4] Threatens to win with ...Qxg4+.} 42. Qg6 {[#]} Qd7 $1 ({Not} 42... Qf3+ 43. Rg3 $11) 43. Be3 Rd1 44. Nf3 $2 (44. Ng4 {is a better chance.}) 44... a4 {Black is clearly winning.} 45. bxa4 bxa4 {[%cal Bb5a4,Ba4a3][%mdl 32]} 46. Qg4 Rh1+ 47. Nh2 Qf7 48. Rd2 a3 49. c4 Qxc4 {White must now prevent ...a2.} 50. f6 Qf1+ 51. Qg2 Qxg2+ 52. Kxg2 Rxh2+ {[%mdl 32768] Accuracy: White = 29%, Black = 57%. . Loss on time!?} 1-0

[Event "17th Caspian Cup-Masters 2019"]
[Site "Anzali"]
[Date "2019.02.15"]
[Round "5.6"]
[White "Mikaelyan, Arman"]
[Black "Noroozi, Omid"]
[Result "1-0"]
[WhiteElo "2465"]
[BlackElo "2336"]
[Annotator "TA"]
[PlyCount "95"]
[EventDate "2019.02.12"]
[EventType "swiss"]
[EventRounds "9"]
[EventCountry "IRI"]
[SourceTitle "playchess.com"]
[Source "ChessBase"]
[SourceQuality "1"]

{[%evp 14,95,2,0,26,-12,29,19,21,11,27,7,27,21,30,4,23,12,56,48,38,11,7,0,9,0,0,0,8,11,0,0,0,-46,-37,-35,-31,-33,-30,-26,0,-25,0,0,0,0,0,0,0,0,0,-58,-28,-29,0,-4,0,0,0,0,0,-99,0,0,0,0,273,263,266,253,297,234,319,307,292,279,498,510,499,509,1152,1138,900,629]} 1. Nf3 d5 2. e3 Nf6 3. c4 e6 4. b3 Be7 5. Bb2 O-O 6. Nc3 b6 7. cxd5 {A13: English Opening: 1...e6} exd5 8. d4 {LiveBook: 26 Games} c6 (8... Bb7 9. Bd3 c5 10. O-O Nc6 11. Na4 Ne4 12. dxc5 bxc5 13. Ne5 Bd6 14. Bxe4 dxe4 15. Nc4 Be7 16. Qg4 g6 17. Qxe4 Qc7 18. Nc3 Nb4 {0-1 (50) Duda,J (2738)-Bacrot,E (2684) chess.com INT 2019}) 9. Be2 $146 {White has an edge.} ({Predecessor:} 9. Bd3 Ba6 10. O-O Bxd3 11. Qxd3 Nbd7 12. Rac1 Re8 13. Ne2 Qc8 14. Ne5 Nxe5 15. dxe5 {½-½ (25) Cyborowski,L (2531)-Gajewski,G (2607) Wroclaw 2011}) 9... Ba6 10. Ne5 Bxe2 11. Qxe2 Nfd7 12. O-O {[%cal Bh1f1,Bf1f3,Bf3g3][%mdl 32]} Re8 13. f4 Bb4 14. Rf3 f6 15. Nd3 a5 16. f5 Na6 17. Nf4 Nc7 18. Rg3 Re7 19. Rf1 Qe8 20. Qg4 Qf7 21. Qh4 Nf8 22. Nh5 Ne8 $1 23. Rff3 Bxc3 24. Bxc3 Re4 25. Qh3 a4 26. b4 a3 27. Bd2 Ra7 28. Rf1 h6 29. Rc1 Nh7 {Hoping for ...Ng5.} 30. Rg6 $1 Nf8 31. Rg4 Rc7 32. Nf4 ({White should try} 32. Qh4 $11 Rxg4 33. Qxg4) 32... Nd6 33. Qxh6 $1 Nxf5 34. Qh3 Ne6 {...Ng5 is the strong threat.} 35. Ng6 $1 $36 {[%csl Gg6][%cal Rh3h8][%mdl 2048] White has the initiative.} Nh6 36. Rxe4 dxe4 37. b5 {[#]} (37. Rc2 $11 {keeps the balance.}) 37... Ng5 (37... c5 $1 $17) 38. Qg3 $11 Nf5 39. Qf4 Qxg6 $4 {[%mdl 8192]} (39... Nh6 $11) 40. Qxc7 $18 cxb5 {With the idea ...Nf3+.} 41. Kh1 (41. Qd8+ Kh7 $11) 41... b4 42. d5 {[%cal Bd4d5,Bd5d6,Bd6d7][%mdl 32]} ({Don't do} 42. Bxb4 $6 Nxe3 43. Bd2 Nf5 $18) (42. Qxb6 $6 Kh7 $18) (42. g4 Nh6 $18) 42... Kh7 {[#]} 43. Qf4 $1 (43. Qxb6 Nf3 $16) 43... b3 44. axb3 a2 $2 (44... Nf7 {keeps fighting.} 45. Rf1 a2) 45. Ra1 {White is clearly winning.} Ne7 46. d6 Nd5 (46... Nf5 $142 47. d7 Ne6) 47. Qh4+ Kg8 48. d7 {Precision: White = 64%, Black = 59%.} 1-0

[Event "17th Caspian Cup-Masters 2019"]
[Site "Anzali"]
[Date "2019.02.15"]
[Round "5.7"]
[White "Pour Agha Bala, Amirreza"]
[Black "Nazari, Arad"]
[Result "1-0"]
[WhiteElo "2362"]
[BlackElo "2210"]
[Annotator "TA"]
[PlyCount "119"]
[EventDate "2019.02.12"]
[EventType "swiss"]
[EventRounds "9"]
[EventCountry "IRI"]
[SourceTitle "playchess.com"]
[Source "ChessBase"]
[SourceQuality "1"]

{[%evp 15,119,3,13,-10,16,19,20,12,40,-14,27,6,12,6,39,38,58,54,81,64,73,76,126,107,115,109,142,141,175,116,114,114,131,114,114,109,111,112,112,105,102,120,118,124,162,168,166,152,181,183,183,125,129,125,133,121,198,198,269,232,261,262,257,206,206,206,206,206,250,250,250,250,228,221,221,217,261,261,268,261,264,266,260,259,394,349,503,503,503,503,655,475,447,447,541,385,404,329,29978,29979,29979,29980,29980,29981,29980,29981]} 1. Nf3 Nf6 2. g3 g6 3. Bg2 Bg7 4. O-O O-O 5. c4 d5 6. d4 c6 7. Qb3 Qb6 8. Nc3 Rd8 9. Rd1 {D78: Fianchetto Grünfeld: 6 0-0 c6} (9. Bd2 dxc4 10. Qxc4 Be6 11. Qa4 Bf5 12. Rfe1 Ne4 13. Nxe4 Bxe4 14. Ba5 Qa6 15. Qa3 Re8 16. Bf1 c5 17. dxc5 Bxb2 {½-½ (17) Ding,L (2813)-Nepomniachtchi,I (2763) Wijk aan Zee 2019}) 9... Qxb3 10. axb3 Bf5 11. Ne1 {The position is equal.} Na6 12. Bg5 $146 (12. cxd5 $14 cxd5 13. Ra5) ({Predecessor:} 12. Bf4 Be6 13. c5 Nd7 {½-½ (13) Dreev,A (2653)-Safarli,E (2639) Riadh 2017}) 12... Nc7 13. Bf4 Nfe8 14. e3 Be6 15. Nd3 Bf5 16. Nc5 $36 {[%mdl 2048] White is more active.} b6 17. Na6 Nxa6 18. Rxa6 {[%cal Rc4d5]} Bc8 19. Ra3 {[%cal Rc4d5]} e6 20. Rda1 a5 21. Na4 Ra6 22. c5 ({White should play} 22. cxd5 $18 {Hoping for Bf1.} exd5 23. Bf1) 22... b5 $16 23. Nb6 e5 24. Bxe5 {And now Bf4 would win.} f6 25. Bf4 g5 26. Rxa5 Rxa5 27. Rxa5 {[#] Black must now prevent Ra8.} Be6 28. Bd6 $1 {[%cal Rd6e7]} Nxd6 29. cxd6 Bf8 30. d7 Bxd7 31. Ra7 Be6 32. Rc7 Rd6 33. Bf3 ({Better is} 33. Nc8 $18 Rd8 34. Na7) 33... g4 34. Be2 Bf5 35. Kf1 Re6 (35... Kh8 $16 36. Kg1 h6) 36. Nd7 $18 Rd6 (36... h5 {might work better.} 37. h4 (37. Rc8 Rd6 $18) 37... Bb4) 37. Nb8 Rd8 38. Nxc6 Ra8 39. Ra7 ({Weaker is} 39. Bxb5 Ra1+ 40. Ke2 Rb1 $14) 39... Rxa7 40. Nxa7 {[%mdl 4096] Endgame KBB-KBN} b4 41. Nb5 h5 42. Nc7 Be4 43. Bb5 Bd6 44. Ne8 Be7 45. Bc6 Bd8 46. Nd6 Bf3 47. Be8 h4 48. gxh4 Bc7 49. Nf5 Kf8 (49... Bxh2 {was worth a try.} 50. Bb5 Be4) 50. Bg6 Bxh2 (50... Bd1 {keeps fighting.} 51. Ng3 Kg7) 51. h5 Be4 52. h6 {[#] h7 would kill now.} Bxf5 53. Bxf5 {KB-KB} Kf7 54. Bxg4 Kg6 55. Be6 Kxh6 56. Bxd5 Kg5 $2 (56... Bc7 $18 57. Ke2 Kg5) 57. f4+ {White mates.} Kh4 58. Kg2 Bg3 59. Kf3 Be1 60. Bf7 {Accuracy: White = 77%, Black = 48%.} 1-0

[Event "17th Caspian Cup-Masters 2019"]
[Site "Anzali"]
[Date "2019.02.15"]
[Round "5.8"]
[White "Omidi, Arya"]
[Black "Yeritsyan, Hayk"]
[Result "1/2-1/2"]
[WhiteElo "2354"]
[BlackElo "2152"]
[Annotator "TA"]
[PlyCount "39"]
[EventDate "2019.02.12"]
[EventType "swiss"]
[EventRounds "9"]
[EventCountry "IRI"]
[SourceTitle "playchess.com"]
[Source "ChessBase"]
[SourceQuality "1"]

{[%evp 23,39,12,20,0,11,0,43,-11,12,-2,-14,-39,-27,-22,-18,-7,-25,-22]} 1. e4 c6 2. d4 d5 3. Nc3 {[%cal Bb1c3,Bc3e4,Be4g3][%mdl 32]} dxe4 4. Nxe4 Bf5 5. Ng3 Bg6 6. Nh3 Nf6 7. Nf4 e5 8. dxe5 {B18: Classical Caro-Kann: 4...Bf5 sidelines} Qa5+ 9. c3 Qxe5+ 10. Be2 (10. Qe2 Nbd7 11. Nxg6 hxg6 12. Bf4 Qxe2+ 13. Bxe2 Bc5 14. Bf3 O-O-O 15. O-O Nd5 16. Bxd5 cxd5 {½-½ (51) Svidler,P (2727)-Giri,A (2793) Baku 2015 CBM 169 [Ramirez Alvarez,Alejandro]}) 10... Nbd7 11. O-O O-O-O 12. Qa4 Bc5 {LiveBook: 9 Games} 13. Nd3 Bxd3 $1 14. Bxd3 {[#] Strongly threatening Bf4.} Qc7 $146 (14... Nb6 {with more complications.} 15. Qc2 Nbd5 16. Bd2 g6 17. Rae1 Qd6) ({Predecessor:} 14... Nb6 15. Qc2 h5 {0-1 (31) Smirin,I (2674)-Pelletier,Y (2566) Novi Sad 2016}) 15. b4 (15. Bf4 $14 Bd6 16. Bxd6 Qxd6 17. Bc2) 15... Kb8 16. Qc2 Bd6 17. Kh1 h5 18. h3 Bf4 19. Bxf4 Qxf4 20. Rad1 1/2-1/2

[Event "17th Caspian Cup-Masters 2019"]
[Site "Anzali"]
[Date "2019.02.15"]
[Round "5.9"]
[White "Asgari, Morteza"]
[Black "Lomsadze, Davit"]
[Result "1-0"]
[WhiteElo "2175"]
[BlackElo "2286"]
[Annotator "TA"]
[PlyCount "163"]
[EventDate "2019.02.12"]
[EventType "swiss"]
[EventRounds "9"]
[EventCountry "IRI"]
[SourceTitle "playchess.com"]
[Source "ChessBase"]
[SourceQuality "1"]

{[%evp 17,163,47,50,46,53,23,38,37,41,-14,99,73,137,133,137,140,136,134,169,170,169,169,171,166,157,151,164,153,154,145,192,214,362,368,297,299,389,277,364,352,379,285,347,326,287,311,302,311,656,387,385,371,378,377,338,243,233,227,227,225,207,224,274,233,391,391,447,381,529,381,381,381,350,285,380,204,224,139,187,187,187,187,187,187,187,187,187,187,187,187,307,307,299,187,300,217,977,864,799,832,833,810,799,799,785,784,784,784,784,712,690,683,668,0,0,0,654,628,621,607,558,433,29968,29969,29972,29970,29970,29971,29971,29972,29972,29973,29973,29972,29972,29973,29974,29975,29975,29976,29980,29981,29981,29982,29982,29983,29988,29989]} 1. e4 e5 2. Nf3 Nc6 3. Bb5 a6 4. Ba4 g6 5. c3 d6 6. d4 Bd7 7. O-O Bg7 8. Bg5 f6 9. Be3 Nh6 10. Bb3 {C76: Ruy Lopez: Deferred Steinitz: 5 c3 Bd7 6 d4 g6} Qe7 11. dxe5 (11. h3 {looks sharper.} Na5 12. Bc2 Nc4 13. Bc1 Nf7 14. b3) (11. Bd5 Nd8 12. dxe5 dxe5 13. h3 Nhf7 14. Nbd2 Be6 15. Qa4+ Qd7 16. Qxd7+ Kxd7 17. Rad1 Bxd5 {0-1 (52) Fedoseev,V (2718)-Mamedyarov,S (2799) Riadh 2017}) 11... Nxe5 12. Nxe5 {White is slightly better.} fxe5 13. c4 $146 (13. f3 $14) ({Predecessor:} 13. h3 Nf7 14. c4 O-O 15. Nc3 c5 16. Ba4 Be6 17. Nd5 Qd8 18. Qd2 Rb8 {1-0 (46) Solodovnichenko,Y (2574)-Mascaro March,P (2398) LLucmajor 2014}) 13... Nf7 (13... Ng4 $11 {remains equal.}) 14. Nc3 c5 (14... b6 $142) 15. Ba4 $16 Bxa4 16. Qxa4+ Qd7 17. Qd1 Nd8 18. Nd5 $36 {[%mdl 2048] White is on the roll.} Rb8 19. b4 Ne6 20. bxc5 dxc5 21. a4 {[%cal Ba2a4,Ba4a5][%mdl 32]} Nd4 22. f4 $1 {[%cal Rf4e5] Threatens to win with fxe5.} O-O {[#]} 23. f5 $1 {[%mdl 512]} gxf5 24. exf5 Rf7 (24... Bf6 $142 25. Qg4+ Kh8) 25. f6 $18 Bf8 26. a5 Kh8 27. Ra3 Bd6 28. Bh6 {Hoping for Bg7+.} Bf8 29. Bg5 Bd6 30. Rh3 Rg8 31. Qh5 $1 Ne2+ 32. Kh1 Qe6 $2 (32... Nf4 33. Bxf4 exf4) 33. Bh6 (33. Qxe2 Rxg5 34. Re3 Qg4 $18) 33... Nf4 {[#]} 34. Bg7+ $1 ({Weaker is} 34. Nxf4 Qxf6 35. Rd3 exf4 $14) ({Not} 34. Bxf4 exf4 35. Rg1 Bc7 $16) 34... Rgxg7 35. fxg7+ Rxg7 36. Nxf4 exf4 37. Rd1 Qxc4 38. Rhd3 Qe4 {[%csl Gg7][%cal Re4g2]} 39. Qd5 Qg6 40. Qf3 Be7 $2 (40... Bf8 {was worth a try.} 41. Rd8 Qf5) 41. Qxb7 c4 42. R3d2 Qe6 43. Qb8+ Rg8 44. Qxf4 c3 45. Rc2 Qg6 46. Qd4+ (46. Rf2 $142) 46... Bf6 47. Qd3 Rd8 {[#]} 48. Qxd8+ $1 Bxd8 49. Rxd8+ {[%mdl 4096] Endgame KQ-KRR} Kg7 50. Rc1 Qf5 51. h3 Qxa5 52. Rc8 Qb4 53. R8xc3 ({Resist} 53. R1xc3 a5 $16) 53... a5 (53... Qf4 $142 54. Ra1 Qe5) 54. Rg3+ Kf6 55. Ra1 h5 (55... Ke6 $142 56. Rga3 h5 57. Rxa5 Qc3) 56. Rga3 h4 $2 (56... Qb2 57. Rxa5 Qc3) 57. Ra4 Qc3 58. Rxa5 Kg6 59. Ra6+ Kg5 60. Rf1 Qd3 61. Raf6 Qe4 62. Rf8 Qd3 63. R8f4 Kh5 64. Kg1 Qe3+ 65. Kh2 Qg3+ $1 66. Kh1 Qd3 $1 67. Re1 Qc3 68. Rd1 Qe3 69. Rg4 Qe5 (69... Qe7 $18 70. Rd5+ Kh6) 70. Rf1 {White mates.} Qe2 71. Rff4 Qe1+ 72. Kh2 Qe5 73. Rxh4+ Kg5 74. Rhg4+ Kh5 75. g3 Qb2+ 76. Kg1 Qb6+ 77. Rf2 Qb1+ 78. Kh2 Qe1 79. Rgf4 Kg6 80. Rf7 Qb1 81. h4 Kh6 82. g4 {Accuracy: White = 78%, Black = 42%.} 1-0

[Event "17th Caspian Cup-Masters 2019"]
[Site "Anzali"]
[Date "2019.02.16"]
[Round "6.1"]
[White "Bernadskiy, Vitaliy"]
[Black "Mosadeghpour, Masoud"]
[Result "1/2-1/2"]
[WhiteElo "2570"]
[BlackElo "2531"]
[Annotator "TA"]
[PlyCount "69"]
[EventDate "2019.02.12"]
[EventType "swiss"]
[EventRounds "9"]
[EventCountry "IRI"]
[SourceTitle "playchess.com"]
[Source "ChessBase"]
[SourceQuality "1"]

{[%evp 15,69,12,12,12,29,0,42,44,47,26,39,11,13,0,0,0,0,0,0,-12,3,8,25,28,25,19,33,9,12,9,13,7,8,8,8,8,11,7,7,13,6,6,108,6,8,0,0,0,0,0,0,0,0,0,0,-149]} 1. e4 e5 2. Nf3 Nc6 3. Bb5 a6 4. Ba4 Nf6 5. d3 b5 6. Bb3 Bb7 7. O-O Bc5 8. Nc3 d6 9. a3 {[%cal Ba2a3,Ba3a4][%mdl 32] C78: Ruy Lopez: Archangelsk and Möller Defences} h6 10. Be3 O-O 11. Bxc5 {White is slightly better.} (11. Ba2 Rb8 12. Ne2 Bc8 13. Ng3 Bb6 14. c3 Re8 15. d4 Bg4 16. Qd3 Bxf3 17. gxf3 {1-0 (32) Karjakin,S (2780)-Sokolov,I (2663) Wijk aan Zee 2013}) 11... dxc5 12. a4 c4 $146 ({Predecessor:} 12... b4 13. Nd5 Nxd5 14. Bxd5 Qe7 15. Nd2 Na5 16. Bxb7 Nxb7 {½-½ (34) Zavrazhnov,A (2220)-Zabutov,S (2244) ICCF email 2015}) 13. dxc4 b4 14. Qxd8 Raxd8 15. Nd5 Nxe4 16. Rfe1 Nc5 17. Nxe5 Nxe5 (17... Nd4 {is interesting.} 18. Rad1 Ndxb3 19. cxb3 Rfe8 20. f3 f6) 18. Rxe5 {[#] Threatens to win with Ne7+.} Bxd5 (18... Nxb3 {keeps more tension.} 19. cxb3 f6 20. Rf5 Rd6 21. Nxb4 Rb6) 19. cxd5 Nxb3 20. cxb3 $11 {[%mdl 4096] Endgame KRR-KRR} f6 21. Rf5 Rd6 22. Kf1 Rfd8 23. Rd1 Kf7 24. Rc1 Kg6 25. Rf4 Rxd5 26. Rg4+ Kh7 27. Rxb4 Rd1+ $1 28. Rxd1 Rxd1+ {KR-KR} 29. Ke2 Rb1 {The position is equal.} 30. g4 Rxb2+ 31. Ke3 h5 32. gxh5 Kh6 33. Rb7 Kxh5 34. b4 g5 35. Ke4 {Accuracy: White = 78%, Black = 80%.} (35. b5 $11 {keeps the balance.} Rb3+ 36. Kd2 axb5 37. axb5) 1/2-1/2

[Event "17th Caspian Cup-Masters 2019"]
[Site "Anzali"]
[Date "2019.02.16"]
[Round "6.2"]
[White "Mikaelyan, Arman"]
[Black "Malakhatko, Vadim"]
[Result "0-1"]
[WhiteElo "2465"]
[BlackElo "2525"]
[Annotator "TA"]
[PlyCount "206"]
[EventDate "2019.02.12"]
[EventType "swiss"]
[EventRounds "9"]
[EventCountry "IRI"]
[SourceTitle "playchess.com"]
[Source "ChessBase"]
[SourceQuality "1"]

{[%evp 12,206,14,12,12,8,16,14,14,18,23,24,14,-5,34,14,15,20,35,25,24,21,30,20,54,-18,-25,-16,-22,-28,0,0,0,-18,0,-18,0,0,0,0,16,23,23,31,31,20,31,31,31,17,31,31,31,31,31,22,28,39,51,0,31,38,38,43,68,55,92,95,291,8,37,-23,64,84,171,162,158,112,470,214,203,173,137,60,72,8,4,0,0,0,0,0,0,0,0,0,0,0,0,-8,-8,-8,-8,-8,-8,-8,-8,-8,-8,-8,-8,-8,-8,-8,-8,-8,0,-8,-8,-16,-25,-32,-32,-39,-39,-39,-39,-39,-39,-39,-39,-47,-8,-47,-8,-47,-8,-8,-8,-8,-8,-8,0,0,0,0,0,-9,0,-8,0,-7,-8,-8,-8,-8,-8,-74,-74,-74,-74,-74,-74,-74,-74,-74,-8,-87,-8,-8,-8,-8,-8,-8,-8,-8,-8,-8,-8,-8,-8,-8,-8,-29978,-29979,-29979,-29979,-29980,-29981,-29981,-29982,-29982,-29981,-29983,-29984,-29987,-29988]} 1. Nf3 c5 2. c4 Nc6 3. Nc3 g6 4. g3 Bg7 5. Bg2 Nh6 6. O-O Nf5 7. a3 O-O {A37: Symmetrical English vs ...g6: 4 Bg2 Bg7 5 Nf3} 8. Rb1 (8. b4 Nxb4 9. axb4 cxb4 10. d4 bxc3 11. e4 Nd6 12. Qd3 b5 13. cxb5 Qb6 14. Ba3 Qxb5 15. Qc2 {½-½ (57) Svidler,P (2749)-Carlsen,M (2837) Astana 2012}) 8... d6 9. d3 Qd7 {The position is equal.} 10. Ne4 b6 $146 ({Predecessor:} 10... Rb8 11. b4 cxb4 12. axb4 b5 13. cxb5 Rxb5 14. Bd2 Rb8 15. Kh1 Nfd4 16. Ne1 Nb5 17. Qa4 a6 18. Nf3 Bb7 {½-½ (18) Halkias,S (2600)-Margvelashvili,G (2525) Kavala 2011}) 11. b4 Bb7 12. Bb2 Rab8 13. Bxg7 Kxg7 14. e3 Ba8 15. Qd2 f6 16. Rfe1 Rbd8 17. Qc3 Rc8 18. Qa1 (18. g4 $14 Nh6 19. g5) 18... Ne5 $11 19. Nxe5 dxe5 20. Red1 Rfd8 21. bxc5 bxc5 22. Qc3 Qc7 23. Rd2 Rb8 24. Rdb2 Rxb2 25. Qxb2 Bxe4 26. Bxe4 Nd6 27. Bd5 Qc8 28. Qc3 e6 29. Bf3 Qc7 30. Qb2 h5 31. h4 Kf7 32. a4 Qa5 33. d4 exd4 34. exd4 Qc7 35. Qa3 (35. Qd2 $14) 35... Rc8 36. Qe3 cxd4 ({Not} 36... Nxc4 $2 37. Qh6 $18) 37. Qxd4 Qc5 38. Qd2 $36 {[%mdl 2048] White is pushing.} Kg7 39. Rd1 Rd8 $2 (39... Nf7 $16 {is a better defense.}) 40. Qe2 $2 (40. Qe3 $1 $18 {[%cal Re3c5]} Qxe3 41. fxe3) 40... Kf7 41. a5 (41. Bg2 $14) 41... Re8 (41... Qxa5 $11 42. Qc2 Qc5) 42. a6 Re7 (42... f5 $16) 43. Qd2 $1 $18 {[%cal Rd2d6]} Nf5 44. Qd8 {Strongly threatening Rb1.} Qc7 $2 {[%mdl 8192]} (44... Qxc4 $16 {is more resistant.} 45. Qh8 Qb5) 45. Qa8 (45. Qh8 $142 Re8 46. Qh7+ Ng7 47. Rb1) 45... Re8 46. Qb7 Re7 47. Qxc7 (47. Kg2 $16) 47... Rxc7 $16 {[%mdl 4096] Endgame KRB-KRN} 48. Rb1 (48. Rd8 $1 $16) 48... Ke7 $11 ({Don't play} 48... Nd4 $6 49. Be4 $16) 49. Rb7 Kd8 50. Rb8+ Rc8 51. Rb7 Rc7 52. Rb8+ Rc8 53. Rxc8+ Kxc8 {KB-KN} 54. Be4 Ne7 55. f4 Kc7 56. c5 $1 f5 57. Bb7 Nc6 58. Kf2 Na5 59. Bg2 Nb3 60. Bf1 Nxc5 61. Bc4 Kd6 62. Kf3 Kc6 63. Ke3 Kd6 64. Kf3 Ne4 65. Bb5 Ke7 66. Bd3 Nc5 67. Bc4 Kf6 68. Bb5 e5 69. fxe5+ Kxe5 70. Bc4 Kf6 71. Kf4 Ne6+ 72. Ke3 (72. Bxe6 $5 Kxe6 73. Kf3 $17) 72... Ke5 73. Kf3 (73. Bxe6 $5 Kxe6 74. Kf3 $17) 73... g5 74. hxg5 Nxg5+ 75. Kf2 Ne4+ 76. Kg2 $1 f4 77. gxf4+ Kxf4 78. Kh3 Kg5 79. Bb5 h4 80. Bd7 Nc5 81. Bb5 Ne6 {Black wants to play ...Nf4+.} 82. Bd7 Nf4+ 83. Kh2 Kf6 84. Bc8 {[#]} (84. Kg1 $11) 84... Ke5 $1 $17 85. Bg4 Kd4 86. Bc8 Kc5 {White must now prevent ...Kb6.} 87. Bb7 Kb5 {Hoping for ...Ne6.} 88. Bc8 Kb6 ({Better is} 88... Kc4 $17 {And now ...Kb5 would win.} 89. Kg1 Kb5) 89. Bb7 (89. Kg1 $1 $11 {keeps the balance.} Nd3 90. Kf1) 89... Nd3 (89... Kc5 $17 {aiming for ...Kb5.} 90. Kg1 Kb6) 90. Kh3 $11 Nc5 91. Bf3 Kxa6 {Threatens to win with ...Kb5.} (91... Nxa6 $2 92. Kxh4 Nc5 93. Kg3 $19) 92. Kxh4 Kb5 {...a5 is the strong threat.} 93. Kg3 a5 {[%cal Ba7a5,Ba5a4,Ba4a3][%mdl 32]} 94. Bh5 $1 Ne4+ 95. Kf3 Nf6 (95... Nd6 {with more complications.} 96. Bg4 Nc4 97. Bd7+ Kb4 98. Ke4 a4) 96. Bf7 Kb4 97. Kf4 $2 {[%mdl 8192]} (97. Ke2 $11) 97... a4 {Black mates.} 98. Ke5 {[#]} Nd7+ $1 99. Kd4 Nc5 100. Ba2 Nb3+ 101. Kd5 a3 102. Kc6 Kc3 103. Kb5 Kb2 {Accuracy: White = 50%, Black = 43%.} 0-1